000 01749nam a2200421Ii 4500
001 DIGPLAVLDS0273
003 NyNyDIG
007 cr |||||||||||
008 230309s2022 mx ob 000 0 spa d
006 m o d
020 _z9786078788521
035 _a(OCoLC)1374238488
040 _aDGITA
_beng
_erda
_epn
_cDGITA
043 _an-mx---
050 1 4 _aHD9049.C8 ebook
100 1 _aGuerrero Ortiz, Pilar Lourdes,
_eauthor.
245 1 3 _aEl maíz, política macroeconómica y precios de garantías :
_b1990-2020 /
_cPilar Lourdes Guerrero Ortiz, Víctor H. Palacio Muñoz.
264 1 _aCiudad de México :
_bPlaza y Valdés Editores,
_c[2022]
300 _a1 online resource.
336 _atext
_btxt
_2rdacontent
337 _acomputer
_bc
_2rdamedia
338 _aonline resource
_bcr
_2rdacarrier
347 _atext file
_2rdaft
347 _bEPUB
504 _aIncludes bibliographical references.
588 0 _aOnline resource; title from ePub title page (Digitalia, viewed March 9, 2023)
650 0 _aCorn industry
_zMexico
_y20st century.
650 0 _aCorn industry
_zMexico
_y21st century.
650 0 _aEconomic policy
_zMexico.
650 0 _aAgricultural laws and legislation
_zMéxico.
700 1 _aPalacio Muñoz, Víctor H.,
_eauthor.
791 2 _aDigitalia (Firm),
_edistributor.
793 0 _gDigitalia eBook Collection:
_aPlaza y Valdés Editores 
776 0 8 _iPrint version:
_aGuerrero Ortiz, Pilar Lourdes.
_tMaíz, política macroeconómica y precios de garantías.
_bPrimera edición.
_dCiudad de México : Plaza y Valdés Editores, [2022]
_z9786078788521
856 4 0 _3Digitalia Hispánica
_uhttps://www.digitaliapublishing.com/a/116401/
910 _aPremium collection: 2023
942 _cRAA
999 _c275146
_d275146